Languages in Uses ;Pre-Intermediate Classroom Book (Record no. 172888)

MARC details
000 -LEADER
fixed length control field 00524nam a2200205Ia 4500
008 - FIXED-LENGTH DATA ELEMENTS--GENERAL INFORMATION
fixed length control field 240823s9999||||xx |||||||||||||| ||und||
020 ## - INTERNATIONAL STANDARD BOOK NUMBER
International Standard Book Number 81-7596-219-4
082 ## - DEWEY DECIMAL CLASSIFICATION NUMBER
-- 418 P4
100 ## - MAIN ENTRY--PERSONAL NAME
Personal name "Doff,Adrian"
245 #0 - TITLE STATEMENT
Title Languages in Uses ;Pre-Intermediate Classroom Book
250 ## - EDITION STATEMENT
Edition statement 1st
260 ## - PUBLICATION, DISTRIBUTION, ETC. (IMPRINT)
Date of publication, distribution, etc 2004
Name of publisher, distributor, etc "Foundation Books,New "
Place of publication, distribution, etc New Delhi
500 ## - GENERAL NOTE
General note TRANSFERED
650 ## - SUBJECT ADDED ENTRY--TOPICAL TERM
Topical term or geographic name as entry element Language
700 ## - ADDED ENTRY--PERSONAL NAME
Personal name Jones Christophe
942 ## - ADDED ENTRY ELEMENTS (KOHA)
Item type Books
Holdings
Withdrawn status Lost status Damaged status Permanent location Current location Shelving location Date acquired Source of acquisition Cost, normal purchase price Full call number Barcode Date last seen Koha item type
      CENTRAL LIBRARY, NOORUL ISLAM CENTRE FOR HIGHER EDUCATION CENTRAL LIBRARY, NOORUL ISLAM CENTRE FOR HIGHER EDUCATION   07/01/2005 Velavan Book Centre 195.00 418 P4 26866 08/23/2024 Books
Visitors:
Copyright © 2024 Central Library NICHE.  All rights reserved.